Statistics for Star Wars Battlefront II Game Modes Quiz

Click here to take the quiz!

General Stats

  • This quiz has been taken 7 times
  • The average score is 9 of 16

Answer Stats

Game Modes% Correct
Arcade
83%
Supremacy
83%
Assault
67%
Blast
67%
Co-Op
67%
Hero Showdown
67%
Heroes vs Villains
67%
Ewok Hunt
50%
Extraction
50%
Galactic Assault
50%
Hero Starfighters
50%
Starfighter Assault
50%
Strike
50%
Instant Action
33%
Jetpack Cargo
17%
Operations
0%

Score Distribution

Percentile by Number Answered

Percent of People with Each Score

Your Score History

You have not taken this quiz